000 00492nam a22001937a 4500
003 MPLRDC
005 20220104160440.0
008 210129b ||||| |||| 00| 0 eng d
020 _a983-164-504-9
082 _a857.7 HYXL v.3088
100 _a寄秋
245 _a王子宠上天
_c
250 _a初版
260 _a马来西亚
_b立腾出版社有限公司
_c2002
300 _b
490 _a花园系列. BNAE T3088
650 _a长篇小说
942 _cBK
_o857.7 HYXL v.3088
999 _c54989
_d54979